Tư tưởng Nho giáo trong truyện Lục Văn Tiên của Nguyễn Đình Chiểu
Tư tưởng Nho giáo trong tiến trình vận động của truyện thơ Nôm bác học. Thế giới hình tượng nhân vật trong Truyện Lục Vân Tiên. Các phương thức thể hiện tư tưởng Nho giáo trong Truyện Lục Vân Tiên
Shranjeno v:
| Glavni avtor: | |
|---|---|
| Drugi avtorji: | |
| Format: | Knjiga |
| Jezik: | Vietnamese |
| Izdano: |
Đà Nẵng
Đại học Đà Nẵng
2015
|
| Teme: | |
| Oznake: |
Označite
Brez oznak, prvi označite!
|
| Thư viện lưu trữ: | Mạng thư viện Đại học Đà Nẵng |
|---|
| LEADER | 01877nam a2200385 4500 | ||
|---|---|---|---|
| 001 | 000023801 | ||
| 003 | 20254 | ||
| 005 | 20160325100314.0 | ||
| 008 | 160309s2015 viesd | ||
| 041 | |a vie | ||
| 082 | 1 | 4 | |a 895.92212 |b ĐĂ-T |
| 100 | 1 | |a Đặng Văn Tính | |
| 245 | 1 | |a Tư tưởng Nho giáo trong truyện Lục Văn Tiên của Nguyễn Đình Chiểu |c Đặng Văn Tính ; Hà Ngọc Hòa hướng dẫn. |k Luận văn Thạc sĩ | |
| 260 | |a Đà Nẵng |b Đại học Đà Nẵng |c 2015 | ||
| 300 | |a 104 tr. ; phụ lục 5 tr. |c 29 cm. |e Tóm tắt | ||
| 500 | |a Luận văn thạc sĩ Khoa học xã hội và nhân văn. Chuyên ngành: Văn học Việt Nam. Mã số: 60.22.01.21 | ||
| 520 | 3 | |a Tư tưởng Nho giáo trong tiến trình vận động của truyện thơ Nôm bác học. Thế giới hình tượng nhân vật trong Truyện Lục Vân Tiên. Các phương thức thể hiện tư tưởng Nho giáo trong Truyện Lục Vân Tiên | |
| 600 | 1 | 4 | |a Nguyễn Đình Chiểu |d 1822-1888 |
| 650 | 0 | 4 | |a Thơ Việt Nam |v Luận văn tốt nghiệp |x Lục Vân Tiên |x Tư tưởng Nho giáo |z Việt Nam |
| 653 | |a Tiểu thuyết Việt Nam | ||
| 653 | |a Nguyễn Đình Chiểu | ||
| 653 | |a Văn học Việt Nam | ||
| 653 | |a Tư tưởng Nho giáo | ||
| 653 | |a Truyện Lục Vân Tiên | ||
| 700 | 1 | |a Hà Ngọc Hòa |c TS. |e Hướng dẫn | |
| OWN | |a LSP | ||
| AVA | |a UDN50 |b LSP |d 895.92212 ĐĂ-T |e available |t Error 5001 Not defined in file expand_doc_bib_avail. |f 1 |g 0 |h N |i 0 |k 1 | ||
| 999 | |a From the UDN01 | ||
| AVA | |a UDN50 |b LSP |d 895.92212 ĐĂ-T |e available |t Error 5001 Not defined in file expand_doc_bib_avail. |f 1 |g 0 |h N |i 0 |k 1 | ||
| TYP | |a Monograph | ||
| TYP | |a Printed language | ||
| 980 | |a Mạng thư viện Đại học Đà Nẵng | ||